| 000 | 00978cam a2200253 4500 | ||
|---|---|---|---|
| 008 | 090401t1993 xxu||||| |||| 00| 0 eng d | ||
| 020 | _a0952070405 | ||
| 035 | _a(Sirsi) u28652 | ||
| 041 | _aeng | ||
| 050 | _a692.209421 | ||
| 110 |
_aPyramus and Thisbe Club _93069 |
||
| 245 | _aParty walls: a commentary on the relevant sections of the London Building Acts. | ||
| 260 |
_aLondon _bPyramus and Thisbe Club _c1993 |
||
| 300 | _a114p. ill.,map ; 21cm. | ||
| 350 | _a10 | ||
| 520 | _aAn annotated version of part VI of the London Building Acts (Amendment) Act 1939 produced by a working party of the Pyramus and Thisbe Club, which is a group of surveyors, architects and engineers interested in party wall matters. Known as the Green Book. | ||
| 650 | _aGREEN BOOK | ||
| 650 | _aLONDON BUILDING ACT 1930 | ||
| 650 | _aLONDON BUILDING ACTS (AMENDMENT) ACT 1939 | ||
| 650 |
_aParty walls _96258 |
||
| 690 | _aBUILT ENVIRONMENT | ||
| 942 | _n0 | ||
| 948 | _c04/03/1997 | ||
| 999 |
_c89316 _d89316 |
||